[Event "SV Recklinghausen-SÃ¼d 1 - SG Gladbeck "]
[Site "Verbandsliga - Gruppe 2 2018/"]
[Date "2018.12.02"]
[Round "4"]
[White "Frohne, Gerd"]
[Black "HÃ¶fker, Mathias"]
[Result "1/2-1/2"]
[WhiteElo "2042"]
[BlackElo "2078"]
[PlyCount "62"]
[EventDate "2018.??.??"]

1. Nf3 Nf6 2. e3 d5 3. c4 c6 4. Nc3 g6 5. b3 Bg7 6. Bb2 O-O 7. d4 Bg4 8. h3
Bxf3 9. Qxf3 e6 10. Be2 Nbd7 11. g4 dxc4 12. bxc4 e5 13. O-O-O exd4 14. exd4
Qa5 15. h4 h5 16. g5 Ng4 17. Qg3 c5 18. Bxg4 hxg4 19. Nd5 Rae8 20. Qxg4 Qxa2
21. Qxd7 Re2 22. Qb5 cxd4 23. Nf6+ Bxf6 24. gxf6 a6 25. Qb4 a5 26. Qb5 Rc8 27.
Rxd4 Rc5 28. Qxb7 Rxc4+ 29. Rxc4 Qxc4+ 30. Kb1 Qc2+ 31. Ka1 Qa4+ 1/2-1/2

[Event "SV Recklinghausen-SÃ¼d 1 - SG Gladbeck "]
[Site "Verbandsliga - Gruppe 2 2018/"]
[Date "2018.12.02"]
[Round "4"]
[White "Herud, Martin"]
[Black "Berg, Dietmar"]
[Result "0-1"]
[WhiteElo "2008"]
[BlackElo "1964"]
[PlyCount "62"]
[EventDate "2018.??.??"]

1. e4 c5 2. Nf3 d6 3. d4 cxd4 4. Nxd4 Nf6 5. Nc3 a6 6. Bc4 e6 7. Bb3 Nbd7 8.
Bg5 Nc5 9. Qf3 Be7 10. O-O-O Qc7 11. Rhe1 O-O 12. h4 b5 13. e5 Bb7 14. exf6
Bxf3 15. fxe7 Rfc8 16. gxf3 h6 17. Bf4 Nxb3+ 18. axb3 Qxe7 19. Bg3 Qc7 20. b4
Rd8 21. Re4 Rac8 22. Rg1 Kh7 23. h5 Qa7 24. Rg4 Rc4 25. Bh4 Rg8 26. Bf6 g6 27.
hxg6+ Rxg6 28. Rxg6 fxg6 29. Re1 e5 30. Nb3 Rc8 31. Nd5 Qxf2 0-1

[Event "SV Recklinghausen-SÃ¼d 1 - SG Gladbeck "]
[Site "Verbandsliga - Gruppe 2 2018/"]
[Date "2018.12.02"]
[Round "4"]
[White "Rickert, Stefan"]
[Black "Mecklenburg, Roland"]
[Result "1/2-1/2"]
[WhiteElo "1903"]
[BlackElo "1984"]
[PlyCount "86"]
[EventDate "2018.??.??"]

1. e4 d5 2. exd5 Qxd5 3. d4 Bf5 4. c4 Qd6 5. Nc3 e6 6. Nf3 Nf6 7. Be2 Be7 8.
O-O a6 9. Qb3 O-O 10. Qxb7 Nc6 11. Bf4 Qxf4 12. Qxc6 Bb4 13. g3 Qh6 14. Nh4
Bxc3 15. Nxf5 exf5 16. bxc3 Qd2 17. Qf3 Rae8 18. Rfe1 Ne4 19. Qd3 Qb2 20. Rac1
Qxa2 21. f3 Nf6 22. Kf1 Qa3 23. c5 Nd5 24. Qxa6 Qb2 25. Qb5 Qd2 26. Qd3 Qh6 27.
Kg1 Re3 28. Qd2 f4 29. Bc4 Rxe1+ 30. Rxe1 Ne3 31. Bd3 g5 32. Rxe3 fxe3 33. Qxe3
Ra8 34. h4 Kg7 35. Qxg5+ Qxg5 36. hxg5 Ra3 37. Kf2 Rxc3 38. Ke3 f6 39. Kd2 Ra3
40. gxf6+ Kxf6 41. Ke3 h5 42. Ke4 Ra1 43. Kf4 Re1 1/2-1/2

[Event "SV Recklinghausen-SÃ¼d 1 - SG Gladbeck "]
[Site "Verbandsliga - Gruppe 2 2018/"]
[Date "2018.12.02"]
[Round "4"]
[White "Hajra, Hetem"]
[Black "Kucheyda, JÃ¶rg"]
[Result "1-0"]
[WhiteElo "1937"]
[BlackElo "1944"]
[PlyCount "85"]
[EventDate "2018.??.??"]

1. e4 e6 2. d4 d5 3. exd5 exd5 4. Nf3 Bd6 5. Bg5 Ne7 6. Bd3 Bg4 7. c3 Nbc6 8.
Nbd2 Qd7 9. h3 Bh5 10. Qe2 f6 11. Be3 O-O-O 12. g4 Bg6 13. O-O-O Bxd3 14. Qxd3
Kb8 15. Nh4 Nc8 16. Nf5 Nb6 17. Nxd6 Qxd6 18. Qf5 Na5 19. Rde1 Nac4 20. Bf4 Qc6
21. Re7 g6 22. Rxc7 gxf5 23. Rxc6+ Ka8 24. Rxf6 fxg4 25. hxg4 Rde8 26. b3 Na5
27. Be3 Rc8 28. Kb2 Rc7 29. Rh3 Rhc8 30. Bf4 Re7 31. Be5 Nc6 32. f4 Nd7 33.
Rfh6 Ndxe5 34. dxe5 d4 35. c4 Rf7 36. Rf6 Rg7 37. g5 Nxe5 38. fxe5 Rxg5 39. e6
Rg2 40. Kc2 b5 41. Kd3 bxc4+ 42. Nxc4 Rxa2 43. e7 1-0

[Event "SV Recklinghausen-SÃ¼d 1 - SG Gladbeck "]
[Site "Verbandsliga - Gruppe 2 2018/"]
[Date "2018.12.02"]
[Round "4"]
[White "Winzbeck, Frank"]
[Black "Parado, Dominador"]
[Result "1-0"]
[WhiteElo "1861"]
[BlackElo "1905"]
[PlyCount "49"]
[EventDate "2018.??.??"]

1. d4 Nf6 2. c4 g6 3. Nc3 Bg7 4. e4 d6 5. f4 O-O 6. Nf3 c5 7. d5 b5 8. cxb5 e6
9. dxe6 fxe6 10. Bc4 Qe7 11. O-O Nbd7 12. e5 dxe5 13. fxe5 Ng4 14. Bg5 Qe8 15.
Qd6 Nb6 16. Qxc5 Nxc4 17. Qxc4 Nxe5 18. Nxe5 Bxe5 19. Rxf8+ Qxf8 20. Qe4 Bxc3
21. Qxa8 Bd4+ 22. Kh1 e5 23. Bh6 Qf5 24. Rc1 Bc5 25. Qd5+ 1-0

[Event "SV Recklinghausen-SÃ¼d 1 - SG Gladbeck "]
[Site "Verbandsliga - Gruppe 2 2018/"]
[Date "2018.12.02"]
[Round "4"]
[White "Stahlhofen, Thomas"]
[Black "Schelwokat, Peter"]
[Result "0-1"]
[WhiteElo "1800"]
[BlackElo "1854"]
[PlyCount "80"]
[EventDate "2018.??.??"]

1. e4 c5 2. Nf3 Nc6 3. d4 cxd4 4. Nxd4 Nf6 5. Nc3 e5 6. Ndb5 d6 7. Nd5 Nxd5 8.
exd5 Ne7 9. c4 Ng6 10. a4 a6 11. Nc3 Be7 12. Be3 Bg5 13. Qd2 Bxe3 14. Qxe3 Qa5
15. g3 O-O 16. Bg2 f5 17. Qd2 Bd7 18. O-O Rac8 19. b3 Qb4 20. Qb2 Rxc4 21. Na2
Qb6 22. a5 Qd4 23. Qa3 Qc5 24. b4 Qc7 25. Rfc1 Rc8 26. Bf1 Rxc1 27. Rxc1 Qd8
28. Rxc8 Bxc8 29. b5 axb5 30. Bxb5 Qc7 31. Nc3 Kf7 32. Qb4 Ke7 33. Na4 Bd7 34.
Nb6 Bxb5 35. Qxb5 Nf8 36. Na8 Qd7 37. Qb6 Qc8 38. Nc7 Nd7 39. Qa7 Qxc7 40. a6
Qc1+ 0-1

[Event "R. Steele/Kray 2 - SV Königsspringer Ha"]
[Site "Verbandsklasse - Gruppe 1 201"]
[Date "2018.12.02"]
[Round "4.2"]
[White "Ophoven, Hermann"]
[Black "Lombardi, Marco"]
[Result "0-1"]
[WhiteElo "1718"]
[BlackElo "1833"]
[PlyCount "54"]
[EventDate "2018.??.??"]

1. c4 e5 2. Nc3 Nf6 3. Nf3 Nc6 4. d4 exd4 5. Nxd4 Nxd4 6. Qxd4 Be7 7. g3 O-O 8.
Bg2 d6 9. O-O c6 10. b3 Qc7 11. Bb2 Rd8 12. Rac1 Be6 13. e4 Qa5 14. a3 Qh5 15.
Qd1 Bg4 16. f3 Bh3 17. Ne2 Bxg2 18. Kxg2 Qa5 19. Qe1 Qb6 20. Rb1 d5 21. exd5
cxd5 22. Nf4 Re8 23. Qc3 dxc4 24. bxc4 Bf8 25. Qd3 Rad8 26. Bxf6 Rxd3 27. Rxb6
Rd2+ 0-1

[Event "R. Steele/Kray 2 - SV Königsspringer Ha"]
[Site "Verbandsklasse - Gruppe 1 201"]
[Date "2018.12.02"]
[Round "4.3"]
[White "Schulz, Alfons"]
[Black "Struschka, Andreas"]
[Result "1/2-1/2"]
[WhiteElo "1808"]
[BlackElo "1922"]
[PlyCount "97"]
[EventDate "2018.??.??"]

1. e4 g6 2. d4 Bg7 3. Nf3 c6 4. c3 d5 5. Nbd2 Qb6 6. Be2 Bg4 7. O-O Nd7 8. exd5
cxd5 9. Re1 Ngf6 10. Bd3 e6 11. h3 Bxf3 12. Nxf3 O-O 13. Qe2 Qc7 14. g4 Rfe8
15. Bg5 a6 16. Bh4 Bf8 17. Bg3 Bd6 18. Ne5 Nb6 19. Qf3 Ne4 20. Bxe4 dxe4 21.
Rxe4 f5 22. Ree1 Rf8 23. Qe2 Rae8 24. f4 Nd5 25. g5 b5 26. Rac1 Re7 27. h4 Qb6
28. h5 Rg7 29. h6 Re7 30. Rc2 b4 31. Rd1 b3 32. axb3 Qxb3 33. Kh2 Bxe5 34. dxe5
Qa4 35. Rd4 Qb3 36. Rcd2 a5 37. Qc4 Qxc4 38. Rxc4 Ne3 39. Rc6 Nf1+ 40. Kg2 Nxd2
41. Ra6 Rb8 42. b4 axb4 43. cxb4 Ne4 44. Be1 Ree8 45. Ra7 Red8 46. Rg7+ Kh8 47.
Re7 Re8 48. Rc7 Red8 49. Re7 1/2-1/2

[Event "R. Steele/Kray 2 - SV Königsspringer Ha"]
[Site "Verbandsklasse - Gruppe 1 201"]
[Date "2018.12.02"]
[Round "4.4"]
[White "Hilse, Dieter"]
[Black "Michalicek, Roland"]
[Result "0-1"]
[WhiteElo "1678"]
[BlackElo "1834"]
[PlyCount "116"]
[EventDate "2018.??.??"]

1. d4 d5 2. c4 e6 3. Nc3 Nf6 4. e3 Nbd7 5. Nf3 Be7 6. Bd3 a6 7. a4 dxc4 8. Bxc4
c5 9. O-O O-O 10. Qe2 cxd4 11. Nxd4 e5 12. Nf3 Bb4 13. Bd2 Qe7 14. Rad1 Nc5 15.
b3 Bg4 16. h3 Bh5 17. g4 Bxc3 18. Bxc3 Nxg4 19. hxg4 Bxg4 20. Bxe5 Bxf3 21.
Qxf3 Qxe5 22. Rd5 Qe4 23. Qg3 Rac8 24. Rfd1 Rc6 25. R1d4 Rg6 26. Rxe4 Rxg3+ 27.
fxg3 Nxe4 28. Kg2 Nf6 29. Rc5 g6 30. Rc7 b5 31. axb5 axb5 32. Bxb5 Nd5 33. Rd7
Nxe3+ 34. Kf3 Rb8 35. Bc4 Nxc4 36. bxc4 Rb3+ 37. Kf4 Rc3 38. Rd4 h5 39. Rd8+
Kg7 40. Rc8 Kf6 41. Rc6+ Ke7 42. Rc7+ Ke6 43. c5 f6 44. Rc6+ Ke7 45. Rc7+ Kd8
46. Rg7 g5+ 47. Kf5 Rxg3 48. Kxf6 h4 49. Rh7 h3 50. c6 g4 51. Ke6 Rg2 52. Kd6
Rd2+ 53. Ke6 h2 54. Kf5 g3 55. Kf4 Rd3 56. Ke4 Rc3 57. Kd4 Rxc6 58. Ke4 g2 0-1

[Event "R. Steele/Kray 2 - SV Königsspringer Ha"]
[Site "Verbandsklasse - Gruppe 1 201"]
[Date "2018.12.02"]
[Round "4.5"]
[White "Eusgeld, Michael"]
[Black "Niemann, Walter"]
[Result "1-0"]
[WhiteElo "1821"]
[BlackElo "1714"]
[PlyCount "61"]
[EventDate "2018.??.??"]

1. d4 d5 2. c4 c6 3. Nf3 Nf6 4. Bf4 e6 5. e3 Nbd7 6. Nc3 Qa5 7. Nd2 dxc4 8.
Nxc4 Qd8 9. Nd6+ Ke7 10. Bd3 g6 11. Nce4 Qa5+ 12. Nd2 Nh5 13. N6c4 Qd8 14. Bd6+
Ke8 15. Bxf8 Kxf8 16. O-O Kg7 17. Qc2 Re8 18. Nf3 Nhf6 19. e4 Qc7 20. b4 b5 21.
Na5 a6 22. Rac1 Qd6 23. e5 Qd5 24. exf6+ Nxf6 25. Qxc6 e5 26. dxe5 Qxc6 27.
Nxc6 Nd5 28. Be4 Be6 29. Ncd4 Rad8 30. Nxe6+ Rxe6 31. Rfd1 1-0

[Event "R. Steele/Kray 2 - SV Königsspringer Ha"]
[Site "Verbandsklasse - Gruppe 1 201"]
[Date "2018.12.02"]
[Round "4.6"]
[White "Kleeberg, Stefan"]
[Black "Backmann, Hans"]
[Result "1-0"]
[WhiteElo "1554"]
[BlackElo "1752"]
[PlyCount "103"]
[EventDate "2018.??.??"]

1. d4 d5 2. c4 e6 3. Nc3 Nf6 4. Nf3 c6 5. e3 Nbd7 6. Bd3 b6 7. cxd5 cxd5 8. Bd2
Be7 9. Rc1 O-O 10. O-O Bb7 11. Bb1 Re8 12. Ne5 Bd6 13. f4 a6 14. Na4 Rc8 15.
Rxc8 Qxc8 16. Qb3 b5 17. Nc3 Ne4 18. Bxe4 dxe4 19. Rc1 Qd8 20. a4 b4 21. Nd1 a5
22. Nc6 Qb6 23. Ne5 Nxe5 24. fxe5 Bd5 25. Qc2 b3 26. Qb1 Bb4 27. Bc3 Qa6 28.
Nf2 Qe2 29. Re1 Qc2 30. g4 Rc8 31. Qxc2 bxc2 32. Rc1 Bb3 33. Bxb4 axb4 34. Nxe4
Bxa4 35. Nc5 Rxc5 36. dxc5 Kf8 37. Kf2 Ke7 38. e4 Kd7 39. Ra1 Kc6 40. Ke2 Kxc5
41. Kd2 Kb5 42. Rf1 Kc4 43. Rxf7 Kd4 44. Rxg7 Kxe5 45. Rxh7 Kxe4 46. Ra7 Bc6
47. Rc7 Bd5 48. h4 Kf4 49. h5 Kg5 50. Kxc2 Bf3 51. Rg7+ Kf6 52. h6 1-0

[Event "R. Steele/Kray 2 - SV Königsspringer Ha"]
[Site "Verbandsklasse - Gruppe 1 201"]
[Date "2018.12.02"]
[Round "4.7"]
[White "Dreckmann, Guenter"]
[Black "Peters, Guenter"]
[Result "1-0"]
[WhiteElo "1605"]
[BlackElo "1690"]
[PlyCount "65"]
[EventDate "2018.??.??"]

1. Nf3 d5 2. c4 e6 3. g3 Nf6 4. Bg2 Be7 5. Qa4+ c6 6. O-O O-O 7. d4 Nbd7 8.
Nbd2 Re8 9. Qc2 h6 10. e4 dxe4 11. Nxe4 Nxe4 12. Qxe4 Nf6 13. Qe2 c5 14. Rd1
Qb6 15. a3 a5 16. Bf4 Bd7 17. dxc5 Bxc5 18. Ne5 Ba4 19. Re1 Rad8 20. b4 Bd4 21.
Rab1 Bc3 22. Rec1 Bxe5 23. c5 Qa7 24. Qxe5 Nd5 25. b5 g5 26. Be3 f6 27. Qe4 Nb4
28. axb4 f5 29. Qxb7 Qxb7 30. Bxb7 Bxb5 31. bxa5 Bd3 32. Rb3 Re7 33. c6 1-0

[Event "R. Steele/Kray 2 - SV Königsspringer Ha"]
[Site "Verbandsklasse - Gruppe 1 201"]
[Date "2018.12.02"]
[Round "4.8"]
[White "Jahrke, Lothar"]
[Black "Sievert, Leon"]
[Result "0-1"]
[WhiteElo "1743"]
[BlackElo "1683"]
[PlyCount "82"]
[EventDate "2018.??.??"]

1. e4 d5 2. exd5 Nf6 3. d4 Bg4 4. Nf3 Nxd5 5. h3 Bh5 6. Be2 e6 7. O-O Be7 8. c4
Nf6 9. Nc3 c6 10. Be3 O-O 11. Ne5 Bxe2 12. Qxe2 Nbd7 13. Rad1 Qc7 14. Bf4 Rfe8
15. Ne4 Qa5 16. a3 Rad8 17. Ng5 Nxe5 18. dxe5 Nd7 19. Qh5 Bxg5 20. Qxg5 f6 21.
exf6 Qxg5 22. Bxg5 gxf6 23. Bh4 Kf7 24. Rd2 Ne5 25. Rxd8 Rxd8 26. b3 Rd2 27. f4
Nd3 28. Rb1 Nxf4 29. Bf2 e5 30. Bxa7 Rxg2+ 31. Kh1 Rg3 32. Rb2 Rxh3+ 33. Rh2
Rxh2+ 34. Kxh2 Kg6 35. b4 b5 36. cxb5 cxb5 37. a4 bxa4 38. b5 a3 39. b6 a2 40.
b7 a1=Q 41. b8=Q Qa2+ 0-1

[Event "SG Mengede 1 - DJK Wacker Bergeborbeck "]
[Site "Verbandsklasse - Gruppe 1 201"]
[Date "2018.12.02"]
[Round "4.1"]
[White "Landscheidt, Heinz"]
[Black "Pauling, Markus"]
[Result "1/2-1/2"]
[WhiteElo "1848"]
[BlackElo "2182"]
[PlyCount "117"]
[EventDate "2018.??.??"]

1. e4 c6 2. d4 d5 3. Nc3 dxe4 4. Nxe4 Nf6 5. Nxf6+ exf6 6. c3 Bd6 7. Bd3 O-O 8.
Ne2 Re8 9. O-O Nd7 10. Re1 Nf8 11. Ng3 Rxe1+ 12. Qxe1 Qc7 13. Bd2 Be6 14. Qe2
Ng6 15. Bc4 Bd7 16. Re1 b5 17. Bb3 a5 18. Qh5 a4 19. Bc2 Bf4 20. Bxf4 Qxf4 21.
Nf1 a3 22. bxa3 Rxa3 23. Bb3 Qd6 24. Nd2 Ra8 25. Ne4 Re8 26. Re3 Qa3 27. Nc5
Rxe3 28. fxe3 Qa7 29. Nxd7 Qxd7 30. Qf3 f5 31. a4 bxa4 32. Bxa4 Ne7 33. Bc2 g6
34. e4 fxe4 35. Bxe4 Qe6 36. h3 Kg7 37. Kf2 f5 38. Bd3 Qd6 39. Bc4 c5 40. Qe3
f4 41. Qe6 Qxe6 42. Bxe6 cxd4 43. cxd4 Nc6 44. d5 Nd4 45. Bc8 Kf6 46. g3 fxg3+
47. Kxg3 Ke5 48. Bb7 h6 49. h4 Nf5+ 50. Kg4 Ne3+ 51. Kg3 Nxd5 52. Ba6 Ne7 53.
Kg4 Kf6 54. Bd3 h5+ 55. Kg3 Ke5 56. Bc2 Kf6 57. Kh3 Nf5 58. Bd3 Ke5 59. Bc2
1/2-1/2

[Event "SG Mengede 1 - DJK Wacker Bergeborbeck "]
[Site "Verbandsklasse - Gruppe 1 201"]
[Date "2018.12.02"]
[Round "4.2"]
[White "Borgschulze, Maik"]
[Black "Grodotzki, Thomas"]
[Result "1/2-1/2"]
[WhiteElo "2134"]
[BlackElo "1964"]
[PlyCount "46"]
[EventDate "2018.??.??"]

1. d4 f5 2. g3 Nf6 3. Bg2 g6 4. Nf3 Bg7 5. O-O O-O 6. c4 d6 7. Nc3 Qe8 8. b3 c6
9. Bb2 Na6 10. d5 Bd7 11. Nd4 Nc7 12. Qd2 c5 13. Ne6 Nxe6 14. dxe6 Bxe6 15.
Bxb7 Rb8 16. Bg2 Bd7 17. Nd5 Nxd5 18. Bxd5+ Kh8 19. Bxg7+ Kxg7 20. Qc3+ Kh6 21.
Qd2+ Kg7 22. Qc3+ Kh6 23. Qd2+ Kg7 1/2-1/2

[Event "SG Mengede 1 - DJK Wacker Bergeborbeck "]
[Site "Verbandsklasse - Gruppe 1 201"]
[Date "2018.12.02"]
[Round "4.3"]
[White "Mombeck, Michael"]
[Black "Bork, Sophie"]
[Result "1-0"]
[WhiteElo "1983"]
[BlackElo "1912"]
[Annotator "Daniel"]
[PlyCount "127"]
[EventDate "2018.??.??"]

1. e4 e5 2. Nf3 Nc6 3. Bc4 Bc5 4. Nc3 a6 5. d3 Nf6 6. Bg5 h6 7. Bxf6 Qxf6 8.
Nd5 Qd8 9. c3 Ba7 10. d4 exd4 11. cxd4 O-O 12. O-O d6 13. h3 Be6 14. Rc1 Bxd5
15. Bxd5 Nb4 16. Bb3 Bb6 17. a3 Nc6 18. Bd5 Qe8 19. Bxc6 bxc6 20. Re1 Kh8 21.
e5 Qd7 22. Qa4 Rfe8 23. Qxc6 Qxc6 24. Rxc6 dxe5 25. Rxe5 Rxe5 26. dxe5 Rd8 27.
Kf1 Kg8 28. Ke2 Kf8 29. b4 a5 $11 30. b5 a4 31. Rc4 Rd5 32. Rxa4 Rxb5 33. Rb4
Rd5 34. a4 Ke7 35. Rc4 Kd7 36. h4 Ke7 37. h5 Kd7 38. Rg4 Ra5 39. Rxg7 Rxa4 40.
Rxf7+ Ke8 41. Rf6 Ra2+ 42. Kd3 Rxf2 43. Rg6 Ra2 44. Ke4 Ra4+ 45. Kd5 Be3 46.
Rc6 Ra5+ 47. Ke4 Kd7 48. Rc3 Bb6 49. Kf5 Ra2 50. g4 Re2 51. Kf6 Re4 52. g5 hxg5
53. h6 g4 54. h7 Rf4+ 55. Kg7 Rxf3 56. Rxf3 gxf3 57. h8=Q f2 58. Qh3+ Ke7 59.
Kg6 Bc5 60. Kf5 Bb6 61. Qh7+ Kd8 62. Ke6 Kc8 63. Qd7+ Kb8 64. Qd3 1-0

[Event "SG Mengede 1 - DJK Wacker Bergeborbeck "]
[Site "Verbandsklasse - Gruppe 1 201"]
[Date "2018.12.02"]
[Round "4.4"]
[White "Weinert, Christian"]
[Black "Brandhorst, Dieter"]
[Result "1-0"]
[WhiteElo "1987"]
[BlackElo "1893"]
[PlyCount "156"]
[EventDate "2018.??.??"]

1. c4 g6 2. g3 Bg7 3. Bg2 e5 4. Nc3 Ne7 5. d3 O-O 6. e3 d6 7. Nge2 Nbc6 8. O-O
Bg4 9. h3 Be6 10. Nd5 Qd7 11. Kh2 Nd8 12. e4 c6 13. Nxe7+ Qxe7 14. f4 f5 15.
Nc3 Bd7 16. Be3 Ne6 17. Qb3 Kh8 18. Rae1 Nd4 19. Bxd4 exd4 20. exf5 Qd8 21. Ne4
Bxf5 22. Qxb7 Rb8 23. Qxa7 Rxb2 24. Rb1 Qb8 25. Qxb8 Rfxb8 26. Rxb2 Rxb2 27.
Rf2 Rb1 28. g4 Bd7 29. Nxd6 Bf8 30. Nf7+ Kg7 31. Ne5 Bc8 32. Bxc6 g5 33. Nf3
gxf4 34. Kg2 Bc5 35. Nd2 Rb6 36. Bb5 Rf6 37. Ne4 Bb7 38. Kf3 Rf8 39. a4 Bb4 40.
Rb2 Bc3 41. Ra2 Ba5 42. Re2 Bb4 43. Rc2 Bc3 44. Re2 Bb4 45. Bd7 h6 46. Rb2
Bxe4+ 47. Kxe4 Bc3 48. Rf2 Rf7 49. Bf5 Ra7 50. Ra2 Ra5 51. Kxf4 Kf6 52. Be4 Be1
53. Bd5 Bc3 54. Ke4 Kg5 55. Kf3 Kh4 56. Re2 Kg5 57. h4+ Kf6 58. Re6+ Kg7 59.
Bc6 Ra7 60. Ke4 Ra5 61. Bb5 Ra7 62. g5 hxg5 63. hxg5 Rf7 64. g6 Rf1 65. Be8
Re1+ 66. Kd5 Re3 67. c5 Rxd3 68. c6 Ba5 69. Re7+ Kg8 70. Bd7 Rg3 71. Be6+ Kf8
72. Rf7+ Ke8 73. c7 Bxc7 74. Rxc7 Rxg6 75. Kd6 Kf8 76. Rc8+ Kg7 77. Rg8+ Kf6
78. Rxg6+ Kxg6 1-0

[Event "SG Mengede 1 - DJK Wacker Bergeborbeck "]
[Site "Verbandsklasse - Gruppe 1 201"]
[Date "2018.12.02"]
[Round "4.5"]
[White "Schaedlich, Andreas"]
[Black "Delvos, Thorsten"]
[Result "0-1"]
[WhiteElo "1881"]
[BlackElo "1972"]
[PlyCount "128"]
[EventDate "2018.??.??"]

1. e4 c5 2. Bc4 Nc6 3. c3 Nf6 4. d3 e6 5. Nf3 d5 6. exd5 exd5 7. Bb5 Be7 8. O-O
O-O 9. Re1 Bg4 10. Nbd2 Re8 11. Nf1 Bd6 12. Rxe8+ Qxe8 13. Bg5 Qe6 14. h3 Bh5
15. Bxf6 Qxf6 16. g4 Bg6 17. Bxc6 bxc6 18. Qe2 h5 19. Re1 hxg4 20. hxg4 Qf4 21.
Nh4 Bh7 22. Ng3 Rb8 23. Ng2 Qf6 24. f4 Qd8 25. b3 Qd7 26. d4 Kf8 27. Qf3 cxd4
28. cxd4 Bc7 29. f5 Qd6 30. Ne2 Re8 31. Kf2 Re4 32. Rh1 Bg8 33. g5 f6 34. gxf6
Qxf6 35. Ne3 Bb6 36. Nc2 c5 37. dxc5 Bxc5+ 38. Kf1 Re5 39. Ncd4 Re4 40. Nc2 Qe5
41. Rh5 Bf7 42. Rh8+ Ke7 43. Ne1 Bb6 44. Rc8 Rh4 45. Nd3 Qe4 46. Qxe4+ dxe4 47.
Ne5 Be8 48. Ng6+ Bxg6 49. fxg6 Kf6 50. Rc6+ Kf5 51. a4 Rh1+ 52. Kg2 Ra1 53. Rc4
Ra2 54. Kf1 e3 55. Nf4 Rf2+ 56. Ke1 Rxf4 57. Rc6 Ba5+ 58. Ke2 Bd2 59. Rc7 a5
60. Rf7+ Ke4 61. Rxg7 Rf2+ 62. Kd1 Rf1+ 63. Kc2 Rc1+ 64. Kb2 Bc3+ 0-1

[Event "SG Mengede 1 - DJK Wacker Bergeborbeck "]
[Site "Verbandsklasse - Gruppe 1 201"]
[Date "2018.12.02"]
[Round "4.6"]
[White "Kraus, Reinhard"]
[Black "Alinsug, Salvadore"]
[Result "1/2-1/2"]
[WhiteElo "1733"]
[BlackElo "1713"]
[PlyCount "49"]
[EventDate "2018.??.??"]

1. c4 Nf6 2. g3 e6 3. Bg2 d5 4. Nf3 Nc6 5. O-O d4 6. e3 Bc5 7. a3 a5 8. Qa4 Bd7
9. Qb5 Ba7 10. Qg5 O-O 11. exd4 Nxd4 12. Nxd4 Bxd4 13. Bxb7 Ra7 14. Bg2 Qb8 15.
Nc3 c6 16. Rb1 Qb3 17. Qf4 e5 18. Qf3 Qxc4 19. b3 Qa6 20. Ne4 Nxe4 21. Qxe4 g6
22. Qh4 Qd3 23. Be4 Qe2 24. d3 f5 25. Bg2 1/2-1/2

[Event "SG Mengede 1 - DJK Wacker Bergeborbeck "]
[Site "Verbandsklasse - Gruppe 1 201"]
[Date "2018.12.02"]
[Round "4.7"]
[White "Grimke, Michael"]
[Black "Ewers, Christian"]
[Result "1/2-1/2"]
[WhiteElo "1706"]
[BlackElo "1734"]
[PlyCount "28"]
[EventDate "2018.??.??"]

1. d4 Nf6 2. Nc3 h6 3. e4 d6 4. f4 e5 5. dxe5 dxe5 6. Qxd8+ Kxd8 7. fxe5 Ng4 8.
h3 Nxe5 9. Bf4 Nbd7 10. O-O-O Bd6 11. Nb5 Nd3+ 12. Bxd3 Bxf4+ 13. Kb1 c6 14.
Ne2 Be5 1/2-1/2

[Event "SG Mengede 1 - DJK Wacker Bergeborbeck "]
[Site "Verbandsklasse - Gruppe 1 201"]
[Date "2018.12.02"]
[Round "4.8"]
[White "Wiktor, Reinhard"]
[Black "Gerhardt, Ralf"]
[Result "1/2-1/2"]
[WhiteElo "1760"]
[BlackElo "1720"]
[PlyCount "62"]
[EventDate "2018.??.??"]

1. d4 Nf6 2. c4 g6 3. Nc3 d5 4. e3 Bg7 5. Nf3 O-O 6. Be2 e6 7. O-O b6 8. b3 Bb7
9. Qc2 Nbd7 10. Ba3 Re8 11. Rad1 a6 12. Bb2 Rc8 13. Qb1 Qe7 14. Rd2 Ne4 15.
Nxe4 dxe4 16. Ne1 Qg5 17. g3 f5 18. Ng2 e5 19. dxe5 Nxe5 20. Bxe5 Bxe5 21. Qc2
Qf6 22. Rc1 g5 23. b4 f4 24. Bg4 Rcd8 25. c5 Rxd2 26. Qxd2 Rd8 27. Qc2 f3 28.
Ne1 Bd5 29. Bh3 bxc5 30. bxc5 g4 31. Bf1 Qe6 1/2-1/2

[Event "SV Horst-Emscher 2 - SC Mülheim 1"]
[Site "Verbandsklasse - Gruppe 1 201"]
[Date "2018.12.02"]
[Round "4.3"]
[White "Achenbach, Manfred"]
[Black "Hiebsch, Catalina"]
[Result "1-0"]
[WhiteElo "1881"]
[BlackElo "1752"]
[PlyCount "89"]
[EventDate "2018.??.??"]

1. Nf3 Nf6 2. c4 c5 3. g3 g6 4. Bg2 Bg7 5. d4 cxd4 6. Nxd4 O-O 7. Nc3 d6 8. O-O
Nbd7 9. h3 Rb8 10. Be3 Nc5 11. Rc1 a6 12. Qd2 Re8 13. Bh6 Bh8 14. e4 e5 15. Nc2
Be6 16. Ne3 Qd7 17. Kh2 b5 18. b4 Nb7 19. cxb5 axb5 20. Ned5 Nd8 21. Rfd1 Nc6
22. Bg5 Bxd5 23. exd5 Nd4 24. Ne2 Nxe2 25. Qxe2 Nh5 26. Rc6 f5 27. Rdc1 Rb7 28.
Qc2 Bf6 29. h4 e4 30. Bf1 Re7 31. Be2 Bxg5 32. hxg5 Ng7 33. Rc8+ Ne8 34. Qd2
Kf7 35. Qd4 Re5 36. Kg2 Nc7 37. R8xc7 Rxc7 38. Bxb5 Qc8 39. Bc6 Ke7 40. b5 f4
41. Rh1 f3+ 42. Kg1 Qb8 43. b6 Rc8 44. b7 Rf8 45. Qb6 1-0

[Event "SV Horst-Emscher 2 - SC Mülheim 1"]
[Site "Verbandsklasse - Gruppe 1 201"]
[Date "2018.12.02"]
[Round "4.4"]
[White "Verfuerth, Christian"]
[Black "Riese, Manfred"]
[Result "1/2-1/2"]
[WhiteElo "1836"]
[BlackElo "1828"]
[PlyCount "62"]
[EventDate "2018.??.??"]

1. d4 d6 2. e4 Nf6 3. Nc3 c6 4. Nf3 Bg4 5. h3 Bxf3 6. Qxf3 Nbd7 7. Be3 g6 8. g4
Bg7 9. O-O-O Qa5 10. h4 h5 11. g5 Ng4 12. Bh3 Nxe3 13. Qxe3 Nb6 14. Qd3 Qb4 15.
a3 Qc4 16. f4 Qxd3 17. Rxd3 O-O 18. f5 Rad8 19. Rhd1 a6 20. Ne2 Kh7 21. Rb3 Nc4
22. Rxb7 Rb8 23. Rb3 c5 24. Rdd3 Nb6 25. Rf3 Nc4 26. Rxb8 Rxb8 27. Rb3 Rxb3 28.
cxb3 Na5 29. fxg6+ fxg6 30. b4 cxb4 31. axb4 Nc6 1/2-1/2

[Event "SV Horst-Emscher 2 - SC Mülheim 1"]
[Site "Verbandsklasse - Gruppe 1 201"]
[Date "2018.12.02"]
[Round "4.5"]
[White "Straenger, Petra"]
[Black "Schreiner, Paulo"]
[Result "1-0"]
[WhiteElo "1811"]
[BlackElo "1715"]
[PlyCount "53"]
[EventDate "2018.??.??"]

1. d4 d5 2. Nf3 Nf6 3. c4 c6 4. Nc3 e6 5. g3 dxc4 6. Bg2 Bb4 7. O-O O-O 8. Ne5
Nd5 9. Qc2 b5 10. a4 f6 11. Nf3 Qb6 12. e4 Nxc3 13. bxc3 Be7 14. Be3 Qc7 15.
Rfb1 a6 16. Bf4 Qb6 17. Nd2 Qd8 18. axb5 cxb5 19. Rxb5 axb5 20. Rxa8 e5 21.
Rxb8 exf4 22. Rxb5 fxg3 23. hxg3 f5 24. exf5 Qe8 25. Re5 Bd7 26. Bd5+ Kh8 27.
Qe4 1-0

[Event "SV Horst-Emscher 2 - SC Mülheim 1"]
[Site "Verbandsklasse - Gruppe 1 201"]
[Date "2018.12.02"]
[Round "4.7"]
[White "Meyer, Friedel"]
[Black "Brock, Udo"]
[Result "0-1"]
[WhiteElo "1765"]
[BlackElo "1531"]
[PlyCount "76"]
[EventDate "2018.??.??"]

1. c4 Nf6 2. Nc3 e6 3. g3 d5 4. Bg2 c6 5. cxd5 exd5 6. d4 Bf5 7. Nf3 Nbd7 8.
O-O Bd6 9. h3 h6 10. Re1 O-O 11. Bd2 Ne4 12. Qc1 Ndf6 13. Bf4 Nxc3 14. bxc3 Be4
15. Bxd6 Qxd6 16. Ne5 Bxg2 17. Kxg2 Rfe8 18. c4 dxc4 19. Qxc4 Qd5+ 20. Qxd5
Nxd5 21. Rab1 Re7 22. e3 Rd8 23. Rec1 f6 24. Nc4 Rc7 25. a4 Ne7 26. Na3 Rdd7
27. a5 a6 28. Rc2 Kf7 29. Nc4 Nc8 30. Rbc1 Ke7 31. Nd2 Rd5 32. Nb3 Rb5 33. Rb1
Nd6 34. Rc5 Ne4 35. Rxb5 cxb5 36. f4 Rc2+ 37. Kf3 f5 38. Rf1 Rb2 0-1

[Event "SV Horst-Emscher 2 - SC Mülheim 1"]
[Site "Verbandsklasse - Gruppe 1 201"]
[Date "2018.12.02"]
[Round "4.8"]
[White "Nemoj, Ilja"]
[Black "Wisotzky, Klaus"]
[Result "1/2-1/2"]
[WhiteElo "1666"]
[BlackElo "1639"]
[PlyCount "23"]
[EventDate "2018.??.??"]

1. d4 d5 2. Bf4 c5 3. c3 cxd4 4. Bxb8 Rxb8 5. Qxd4 a6 6. Nf3 Nf6 7. e3 Bf5 8.
Ne5 Bxb1 9. Rxb1 e6 10. Be2 Bd6 11. Nf3 O-O 12. O-O 1/2-1/2